AH International Schools' Libraries

What the ladybird heard next / (Record no. 49601)

MARC details
000 -LEADER
fixed length control field 01209nam a2200157 4500
020 ## - INTERNATIONAL STANDARD BOOK NUMBER
International Standard Book Number 9781035049172
100 ## - MAIN ENTRY--PERSONAL NAME
Personal name Donalson, Julia,
Relator term author.
9 (RLIN) 85953
245 ## - TITLE STATEMENT
Title What the ladybird heard next /
Statement of responsibility, etc by Julia Donalson, Illustrated by Lydia Monks.
260 ## - PUBLICATION, DISTRIBUTION, ETC. (IMPRINT)
Place of publication, distribution, etc London:
Name of publisher, distributor, etc Macmillan Children's Books;
Date of publication, distribution, etc 2025.
300 ## - PHYSICAL DESCRIPTION
Extent 32 pages.
490 ## - SERIES STATEMENT
Series statement What the ladybird heard
500 ## - GENERAL NOTE
General note Join everyone's favourite ladybird in this fantastically funny farmyard caper, from the stellar picture book partnership of Julia Donaldson and Lydia Monks.<br/><br/>Those crafty robbers Hefty Hugh and Lanky Len are out of jail, and they're heading back to the farm with another cunning plan to cause trouble. They've been stealing eggs from the fat red hen, but now they're setting their sights higher and are planning to steal the fat red hen herself! Fortunately the quiet, clever ladybird is on their trail, and she and her farm animal friends have a plan of their own.<br/><br/>With slapstick action, animal noises and a mysterious Snuggly Snerd bird, What the Ladybird Heard Next is a story you'll be reading over and over again.<br/>
650 ## - SUBJECT ADDED ENTRY--TOPICAL TERM
9 (RLIN) 83352
Topical term or geographic name as entry element Story Rhymes
650 ## - SUBJECT ADDED ENTRY--TOPICAL TERM
9 (RLIN) 46707
Topical term or geographic name as entry element Thieves
Form subdivision Juvenile fiction.
942 ## - ADDED ENTRY ELEMENTS (KOHA)
Source of classification or shelving scheme
Koha item type Book
Holdings
Withdrawn status Lost status Source of classification or shelving scheme Damaged status Not for loan Home library Current library Date acquired Total Checkouts Full call number Barcode Checked out Date last seen Date checked out Price effective from Koha item type
          Logos International School Logos International School 10/02/2025 3 E DON 041770 05/08/2026 04/20/2026 04/20/2026 10/02/2025 Book

For any Logos Library related questions please contact Miss Art at swongnarasuk@asianhope.org.

For any Asian Hope Library related questions please contact Miss Raza at graza@asianhope.org.

Click here to explore our ebooks!

Powered by Koha